03939cam a22016934i 4500003000900000005001700009008004100026020001500067020001800082035002700100040004300127082002100170100002900191245004000220264005300260300005500313336002100368337002500389338002300414505066200437526000901099526000901108526001001117526001001127526001001137526001001147526001001157526001001167526001001177526001001187526001001197526001001207526001001217526001001227526001001237526001001247526001001257526001001267526001001277526001001287526001001297526001001307526001001317526001001327526001001337526001001347526001001357526001001367526001001377526001001387526001001397526001001407526001001417526001001427526001001437526001001447526001001457526001001467526001001477526001001487526001001497526001001507526001001517526001001527526001001537526001001547526001001557526000901567526000901576526000901585526000901594526000901603526000901612526000901621526000901630526000901639526000901648526000901657526000901666526000901675526000901684526000901693526000901702526000901711526000901720526000901729526000901738526000901747526000901756526000901765526000901774526000901783526000901792526000901801526000901810526000901819526000901828526000901837526000901846526001001855526000901865526000901874526000901883526000901892526000901901526000901910526000901919526000801928526000801936526000801944526000801952526000801960526000801968526000801976526000801984526000801992526000802000526000802008526000802016526000802024526000802032526000902040526000802049526000802057526000802065526000802073526000802081526000902089526000802098526000802106526000802114526000802122526000802130526000902138526000802147526000802155526000902163526000802172526000802180526000802188526000802196541001602204650002502220PE-LiUPU20250813165816.0150706s2009 nyua r 000 0 eng d a0073525642 a9780073525648 a(Sirsi) i9780073525648 aPE-LiUPUbspacPE-LiUPUdPE-LiUPUerda04a612.22 bF792211 aFox, Stuart Ira,eautor.10aHuman physiology /cStuart Ira Fox. 1aNew York :bMcGraw-Hill Higher Education,c2009. a808 páginas :bilustraciones ;c29 centímetros atext2rdacontent aunmediated2rdamedia avolume2rdacarrier0 aThe study of body function -- Chemical composition of the body -- cell structure and genetic control -- Enzymes and Energy -- Cell Respiration and Metabolism -- Interactions Between Cells and the Extracellular Environment -- The Nervous System: Neurons and Synapses -- The Autonomic Nervous System -- Sensory Physiology -- Endocrine Glands: Secretion and action of Hormones -- Muscle: Mechanisms of Contraction and Neural Control -- Blood, Heart, and Circulation -- Cardiac Output, Blood Flow, and Blood Pressure -- The Immune System -- Respiratory Physiology -- Physiology of the Kidneys -- The Digestive System -- Regulation of Metabolism -- Reproduction. aP203 aP200 aSEG65 aSEG64 aSEG63 aSEG62 aSEG61 aSEG60 aSEG59 aSEG58 aSEG57 aSEG56 aSEG55 aSEG54 aSEG53 aSEG52 aSEG51 aSEG50 aSEG49 aSEG48 aSEG47 aSEG46 aSEG24 aSEG23 aSEG22 aSEG21 aSEG20 aSEG19 aSEG18 aSEG17 aSEG16 aSEG14 aSEG13 aSEG12 aSEG11 aSEG10 aSEG09 aSEG06 aSEG05 aSEG04 aSEG03 aSEG02 aSEG68 aSEG66 aSEG45 aSEG25 aSEG01 aP163 aP162 aP161 aP160 aP159 aP158 aP157 aP156 aP155 aP154 aP153 aP152 aP151 aP150 aP149 aP142 aP141 aP140 aP139 aP138 aP137 aP132 aP131 aP130 aP126 aP125 aP124 aP123 aP115 aP122 aP121 aP116 a P114 aP112 aP111 aP104 aP103 aP102 aP101 aP100 aP96 aP95 aP93 aP92 aP91 aP88 aP83 aP82 aP79 aP78 aP75 aP74 aP71 aP69 a P51 aP49 aP48 aP47 aP33 aP31 a P30 aP29 aP27 aP26 aP25 aP24 a P22 aP10 aP09 a P08 aP06 aP05 aP04 aP01 g001-000244;04aFisiología Humana.